00357nam a2200133Ia 4500100003100000650002000031366000700051654002000058245008700078260002400165082001400189300000800203546001200211 aHwang/Kai/ Fox/Geoffrey C  aCloud computing f25 acloud computing aDistributed and cloud computing:From Parallel processing to the internet of things bMK publishersc2012 a4.65bHWA a648 aENGLISH